[Event "Chigorin Memorial 06th"]
[Site "St Petersburg"]
[Date "1998.11.03"]
[Round "4"]
[White "Budko, Sergey"]
[Black "Goloshchapov, Alexander"]
[Result "0-1"]
[WhiteElo "2250"]
[BlackElo "2445"]
[PlyCount "32"]
[EventDate "1998.10.31"]
[EventType "swiss"]
[EventRounds "9"]
[EventCountry "RUS"]
[SourceTitle "CBM 067 Extra"]
[Source "ChessBase"]
[SourceDate "1999.01.01"]
[SourceVersion "1"]
[SourceVersionDate "1999.01.01"]
[SourceQuality "1"]

1. e4 e6 2. d4 d5 3. exd5 exd5 4. Bd3 c5 5. dxc5 Bxc5 6. Nf3 Nf6 7. 0-0 0-0 8. Bg5 h6 9. Bh4 g5 10. Bg3 Ne4 11. Nc3 f5 12. Bxb8 Rxb8 13. Na4 Be7 14. c4 Bf6 15. cxd5 Qxd5 16. Bxe4 Qxd1 0-1

[Event "Chigorin Memorial 06th"]
[Site "St Petersburg"]
[Date "1998.11.01"]
[Round "2"]
[White "Shaposhnikov, Evgeny"]
[Black "Budko, Sergey"]
[Result "1-0"]
[WhiteElo "2440"]
[BlackElo "2250"]
[PlyCount "119"]
[EventDate "1998.10.31"]
[EventType "swiss"]
[EventRounds "9"]
[EventCountry "RUS"]
[SourceTitle "CBM 067 Extra"]
[Source "ChessBase"]
[SourceDate "1999.01.01"]
[SourceVersion "1"]
[SourceVersionDate "1999.01.01"]
[SourceQuality "1"]

1. e4 e5 2. Nf3 Nc6 3. Bc4 Bc5 4. c3 Nf6 5. d3 d6 6. 0-0 0-0 7. Bg5 Bb6 8. Nbd2 h6 9. Bh4 Qe7 10. Bb3 Na5 11. Bc2 Be6 12. d4 Nc4 13. Nxc4 Bxc4 14. Re1 c5 15. Nd2 Ba6 16. d5 Bd8 17. a4 b6 18. Bb3 Bc8 19. Bc4 a6 20. Bd3 Qd7 21. Bg3 Rb8 22. b4 Ne8 23. Qe2 Bg5 24. Nf3 Ra8 25. Reb1 Bd8 26. Nd2 f5 27. exf5 Qf7 28. bxc5 bxc5 29. c4 Bxf5 30. Bxf5 Qxf5 31. Ne4 h5 32. h4 Ra7 33. Rb8 Bc7 34. Rb3 Ba5 35. Rf1 Qg6 36. Ng5 Nf6 37. f4 Re8 38. fxe5 dxe5 39. Bxe5 Rae7 40. Ne6 Rxe6 41. dxe6 Rxe6 42. Qb2 Ng4 43. Bf4 Bb4 44. Rbf3 Qe8 45. Qc2 Re1 46. Qf5 Rxf1+ 47. Rxf1 Be1 48. Qd5+ Kh8 49. Qxc5 Qe2 50. Qxh5+ Kg8 51. Qd5+ Kh8 52. Qf3 Qe6 53. Bg3 Bb4 54. Rd1 Bc5+ 55. Kh1 Nf6 56. Bf2 Bd6 57. c5 Be7 58. Bd4 Nd7 59. c6 Qd6 60. Bxg7+ 1-0

[Event "Chigorin Memorial 06th"]
[Site "St Petersburg"]
[Date "1998.10.31"]
[Round "1"]
[White "Budko, Sergey"]
[Black "Guliev, Sarhan"]
[Result "1/2-1/2"]
[WhiteElo "2250"]
[BlackElo "2465"]
[PlyCount "127"]
[EventDate "1998.10.31"]
[EventType "swiss"]
[EventRounds "9"]
[EventCountry "RUS"]
[SourceTitle "CBM 067 Extra"]
[Source "ChessBase"]
[SourceDate "1999.01.01"]
[SourceVersion "1"]
[SourceVersionDate "1999.01.01"]
[SourceQuality "1"]

1. e4 c6 2. d4 d5 3. e5 c5 4. dxc5 e6 5. Be3 Nd7 6. Bb5 Qc7 7. Nf3 Bxc5 8. Bxc5 Qxc5 9. Nc3 Ne7 10. Bxd7+ Bxd7 11. Qd4 Qxd4 12. Nxd4 a6 13. 0-0 Rc8 14. f4 Rc4 15. Nce2 0-0 16. c3 f6 17. exf6 gxf6 18. Rad1 Rcc8 19. Nf3 Nf5 20. Rde1 Kf7 21. Ned4 Nd6 22. Rf2 Rg8 23. Rfe2 Rce8 24. Nd2 Rg4 25. g3 h5 26. Re3 h4 27. Kg2 Reg8 28. Kf2 Rh8 29. Rg1 Rh5 30. Rf3 hxg3+ 31. hxg3 Kg7 32. Re3 e5 33. N4f3 Nf5 34. Rd3 Bb5 35. Rxd5 Bc6 36. Rc5 e4 37. Rxf5 Rxf5 38. Nd4 Rd5 39. Nc4 Rh5 40. Ne3 Rh2+ 41. Kf1 Rg6 42. f5 Rgh6 43. Ng4 Rxb2 44. Nxh6 Kxh6 45. Rh1+ Kg5 46. Rh4 e3 47. Rf4 Rh2 48. a4 a5 49. Ke1 Kh5 50. Ne6 Bd5 51. c4 Bc6 52. g4+ Kh6 53. g5+ fxg5 54. f6 Rf2 55. Rxf2 exf2+ 56. Kxf2 Kg6 57. f7 Kxf7 58. Nxg5+ Kf6 59. Nf3 Bxa4 60. Ke3 Bd1 61. Ne1 Ke5 62. Nd3+ Kd6 63. Kd4 Be2 64. Nc5 1/2-1/2

[Event "RUS-Cup01 Chigorin Memorial"]
[Site "St Petersburg"]
[Date "1997.11.09"]
[Round "9"]
[White "Budko, Sergey"]
[Black "Andreev, Konstantin"]
[Result "0-1"]
[WhiteElo "2210"]
[BlackElo "2330"]
[PlyCount "150"]
[EventDate "1997.11.01"]
[EventType "swiss"]
[EventRounds "9"]
[EventCountry "RUS"]
[SourceTitle "CBM 061 Extra"]
[Source "ChessBase"]
[SourceDate "1998.03.09"]
[SourceVersion "1"]
[SourceVersionDate "1998.03.09"]
[SourceQuality "1"]

1. e4 e5 2. Nf3 Nc6 3. Bb5 a6 4. Ba4 Nf6 5. 0-0 Be7 6. Re1 b5 7. Bb3 0-0 8. c3 d6 9. h3 Be6 10. d4 Bxb3 11. axb3 Qd7 12. Nbd2 Rfe8 13. Nf1 exd4 14. cxd4 Bf8 15. Ng3 g6 16. Bg5 Bg7 17. Qd2 d5 18. e5 Ne4 19. Nxe4 dxe4 20. Rxe4 f6 21. Bh6 fxe5 22. Bxg7 Kxg7 23. d5 Rad8 24. Rxa6 Ne7 25. Rxe5 Nxd5 26. Qd4 Kg8 27. Rg5 Qf7 28. Qg4 Nf6 29. Qf4 Ne4 30. Qxf7+ Kxf7 31. Rxb5 Rd1+ 32. Kh2 Nxf2 33. Ra7 Rc1 34. Ng5+ Kf6 35. Nxh7+ Kg7 36. Ng5 Re3 37. Nf3 Kh6 38. Re5 Rxb3 39. Re7 Rxb2 40. Raxc7 Rxc7 41. Rxc7 Nd3 42. Kg3 g5 43. Rc6+ Kh5 44. Rc8 Re2 45. Nd4 Ra2 46. Nc2 Rb2 47. Ne3 Ne1 48. Rc6 Rb3 49. Kf2 Nd3+ 50. Kg1 Ne5 51. g4+ Kh4 52. Rh6+ Kg3 53. Nf1+ Kf3 54. Rf6+ Ke2 55. Rf2+ Ke1 56. Nh2 Rg3+ 57. Rg2 Rxh3 58. Ra2 Nd3 59. Kg2 Nf4+ 60. Kg1 Rg3+ 61. Kh1 Rh3 62. Kg1 Ne2+ 63. Kh1 Kf2 64. Rb2 Rc3 65. Nf1 Kxf1 66. Kh2 Nf4 67. Rb1+ Kf2 68. Rb2+ Kf3 69. Rb5 Rc2+ 70. Kh1 Kxg4 71. Rb3 Kh4 72. Rb4 Rd2 73. Ra4 Kh3 74. Ra3+ Nd3 75. Ra1 Rd1+ 0-1

[Event "RUS-Cup01 Chigorin Memorial"]
[Site "St Petersburg"]
[Date "1996.??.??"]
[Round "5"]
[White "Zakharov, Alexander S"]
[Black "Budko, Sergey"]
[Result "1-0"]
[WhiteElo "2340"]
[BlackElo "2230"]
[PlyCount "71"]
[EventDate "1996.11.??"]
[EventType "swiss"]
[EventRounds "9"]
[EventCountry "RUS"]
[SourceTitle "CBM 056 Extra"]
[Source "ChessBase"]
[SourceDate "1997.03.01"]
[SourceVersion "1"]
[SourceVersionDate "1997.03.01"]
[SourceQuality "1"]

1. e4 e5 2. Nf3 Nc6 3. c3 Qe7 4. Bc4 d6 5. 0-0 h6 6. d4 g5 7. dxe5 dxe5 8. b4 Bg7 9. Be3 Qf6 10. Na3 a6 11. Qa4 g4 12. Ne1 Be6 13. b5 Bxc4 14. Nxc4 Nge7 15. Qa3 Nd8 16. Nd3 Qe6 17. Qa4 b6 18. Ncxe5 f6 19. Nc4 0-0 20. Nd2 Qd7 21. Qc4+ Kh8 22. a4 Nb7 23. Nf4 Nd6 24. Qe6 Qe8 25. Qxe7 axb5 26. Qxc7 Nxe4 27. Nxe4 Qxe4 28. Nh5 Rg8 29. axb5 Rac8 30. Qxb6 Rxc3 31. Qd4 Qxd4 32. Bxd4 Rc4 33. Bxf6 Bxf6 34. Nxf6 Rf8 35. b6 Rb8 36. Ra7 1-0